| 000 | 00910nam a2200277 a 4500 | ||
|---|---|---|---|
| 001 | BRL_582 | ||
| 005 | 20190320210818.0 | ||
| 008 | 040913s1956----mx-#######---#000-0#spa-# | ||
| 041 | _aspa | ||
| 044 | _amx | ||
| 050 | 4 |
_aF1219.3.A7 _b.W47 1956 |
|
| 100 | 1 |
_aWestheim, Paul _d1885-1963 _924351 |
|
| 245 | 1 | 0 |
_aLa escultura del México antiguo _cPaul Westheim. |
| 260 |
_aMéxico _bUNAM, Dirección General de Publicaciones _c1956 |
||
| 300 |
_a124 p. _bil. _c24 cm. |
||
| 440 | 0 |
_aColecciones de arte _v1 _924352 |
|
| 500 | _aej.1 Au617 ; ej.2 Au1445 | ||
| 500 | _aLa biblioteca cuenta con 2 ejemplares | ||
| 500 | _aVer también número de sistema 379 perteneciente al Fondo Ruth Lechuga | ||
| 500 | _aIncluye dedicatoria a Ruth Lechuga. | ||
| 650 | 1 | 4 |
_aEscultura _zMéxico _93562 |
| 650 | 1 | 4 |
_aArte indígena _zMéxico _9597 |
| 651 | 4 |
_aMéxico _xAntigüedades _92765 |
|
| 902 | _aGRL | ||
| 942 |
_2lcc _cB |
||
| 999 |
_c9394 _d9394 |
||